000 00392nam a2200145Ia 4500
008 230917s9999||||xx |||||||||||||| ||und||
040 _e132946
_aMAIN
041 _aEnglish
082 _a330.9 I8E
100 _aInternational Labour Organisation
245 0 _aEmployment and economic growth
260 _aGeneva
_bInternational Labour Organisation
_c1964
300 _a217 p.
942 _cBK
999 _c150389
_d150389